LEADER 00730nam0-2200253 --450 001 9910472454803321 005 20210520155018.0 100 $a20210520d1948----kmuy0itay5050 ba 101 0 $afre 102 $aFR 105 $a 001yy 200 1 $aAlexis de Tocqueville$fJ. P. Mayer$gtraduit de l'anglais par Joseph Sorin 210 $a[Paris]$cGallimard$d1948 215 $a187 p.$d19 cm 225 1 $aLeurs figures 225 1 $aNrf$eˆ[‰Nouvelle revue française] 700 1$aMayer,$bJacob Peter$f<1903-1992>$0127860 801 0$aIT$bUNINA$gREICAT$2UNIMARC 901 $aBK 912 $a9910472454803321 952 $aSI 742$b13182$fFLFBC 959 $aFLFBC 996 $aAlexis de Tocqueville$91779931 997 $aUNINA